01588nam a2200373 a 4500001001200000003000800012006001900020007001500039008004100054010001700095020003100112020002700143040002100170035002100191043002100212050002900233082001800262245014600280260004400426300002900470490005000499504004100549533015200590650004700742650004500789650003600834650003400870650004000904655002900944700002800973710001701001830007001018856012601088ebr10460966CaPaEBRm u cr cn|||||||||110217s2011 dcuad sb 000 0 eng d z 2011006397 z9780821387382 (alk. paper) z9780821387399 (e-book) aCaPaEBRcCaPaEBR a(OCoLC)724690166 aee-----aac-----14aHD9502.E8522bO98 2011eb04a332.67/2222200aOutageh[electronic resource] :binvestment shortfalls in the power sector in Eastern Europe and Central Asia /cAni Balabanyan ... [et al.]. aWashington, D.C. :bWorld Bank,cc2011. axvi, 102 p. :bcol. ill.1 aDirections in development : energy and mining aIncludes bibliographical references. aElectronic reproduction.bPalo Alto, Calif. :cebrary,d2011.nAvailable via World Wide Web.nAccess may be limited to ebrary affiliated libraries. 0aPower resourceszEurope, EasternxFinance. 0aPower resourceszAsia, CentralxFinance. 0aPrivatizationzEurope, Eastern. 0aPrivatizationzAsia, Central. 0aGlobal Financial Crisis, 2008-2009. 7aElectronic books.2local1 aBalabanyan, Ani,d1978-2 aebrary, Inc. 0aDirections in development (Washington, D.C.).pEnergy and mining.40uhttp://site.ebrary.com/lib/rucke/Doc?id=10460966zAn electronic book accessible through the World Wide Web; click to view